Cooperativismo colombiano / (Registro nro. 7779)
[ vista simple ]
| 000 -LEADER | |
|---|---|
| fixed length control field | 01417nam a2200217Ia 4500 |
| 003 - CONTROL NUMBER IDENTIFIER | |
| control field | OSt |
| 005 - DATE AND TIME OF LATEST TRANSACTION | |
| control field | 20210518101003.0 |
| 008 - FIXED-LENGTH DATA ELEMENTS--GENERAL INFORMATION | |
| fixed length control field | 210310s1980 ck fr 001 0 spa d |
| 020 ## - INTERNATIONAL STANDARD BOOK NUMBER | |
| International Standard Book Number | 8482721364 |
| 040 ## - CATALOGING SOURCE | |
| Original cataloging agency | CO-JMCR |
| Transcribing agency | CO-JMCR |
| 041 0# - LANGUAGE CODE | |
| Language code of text/sound track or separate title | spa |
| 082 04 - DEWEY DECIMAL CLASSIFICATION NUMBER | |
| Classification number | 334.861 / |
| Item number | S572c |
| Edition number | 23 |
| 100 1# - MAIN ENTRY--PERSONAL NAME | |
| Personal name | Sierra Jaramillo, Francisco, |
| 9 (RLIN) | 15433 |
| Relator term | autor |
| 245 10 - TITLE STATEMENT | |
| Title | Cooperativismo colombiano / |
| Statement of responsibility, etc. | Francisco Sierra Jaramillo |
| 260 ## - PUBLICATION, DISTRIBUTION, ETC. | |
| Place of publication, distribution, etc. | Bogotá : |
| Name of publisher, distributor, etc. | Temis, |
| Date of publication, distribution, etc. | 1980 |
| 300 ## - PHYSICAL DESCRIPTION | |
| Extent | xvi, 332 páginas ; |
| Dimensions | 23 cm. |
| 500 ## - GENERAL NOTE | |
| General note | Incluye índice de materias y autores. |
| 505 0# - FORMATTED CONTENTS NOTE | |
| Formatted contents note | Primeros vestigios de la cooperación -- Prehistoria de la cooperativa -- La cooperativa como fenómeno moderno -- Los precursores -- Primeras cooperativas -- Pioneros del cooperativismo. Diversos sistemas y autores -- Otros precursores del cooperativismo -- Otros teóricos del cooperativismo -- Otros sistemas cooperativos -- La cooperación en la época contemporánea -- El pueblo Judío y el Estado de Israel -- Historia de la cooperación colombiana -- Definiciones de cooperativa. Diferencia entre esta y la sociedad comercial -- De los principios cooperativos -- Democracia capitalista y cooperativismo -- Clases de cooperativas -- Cooperativismo sindical -- Cooperativas agrícolas -- Control, crédito e integración -- Aspectos prácticos del cooperativismo |
| 650 14 - SUBJECT ADDED ENTRY--TOPICAL TERM | |
| Topical term or geographic name entry element | Administración de cooperativas |
| 9 (RLIN) | 15435 |
| Geographic subdivision | Colombia |
| 942 ## - ADDED ENTRY ELEMENTS (KOHA) | |
| Source of classification or shelving scheme | Dewey Decimal Classification |
| Koha item type | Books |
| Withdrawn status | Lost status | Source of classification or shelving scheme | Damaged status | Not for loan | Collection code | Home library | Current library | Date acquired | Source of acquisition | Full call number | Barcode | Date last seen | Copy number | Koha item type |
|---|---|---|---|---|---|---|---|---|---|---|---|---|---|---|
| Dewey Decimal Classification | Non-fiction | Biblioteca Pública José María del Castillo y Rada | Biblioteca Pública José María del Castillo y Rada | 04/15/2018 | Donación | 334.861 / S572c | 430003715 | 05/16/2024 | Ej.1 | Books |